European agreement concerning the international carriage of dangerous goods by road (ADR) (Record no. 62884)

MARC details
000 -LEADER
fixed length control field 00948nam a2200181 a 4500
008 - FIXED-LENGTH DATA ELEMENTS--GENERAL INFORMATION
fixed length control field 120416s2007 ||||||||||||||||| || u
050 ## - LIBRARY OF CONGRESS CALL NUMBER
Classification number UN-ECE(058)
110 ## - MAIN ENTRY--CORPORATE NAME
Corporate name or jurisdiction name as entry element United Nations Economic Commission for Europe (UNECE)
245 10 - TITLE STATEMENT
Title European agreement concerning the international carriage of dangerous goods by road (ADR)
Statement of responsibility, etc. by United Nations Economic Commission for Europe [UN-ECE]
260 ## - PUBLICATION, DISTRIBUTION, ETC.
Place of publication, distribution, etc. New York:
Name of publisher, distributor, etc. UNITED NATIONS
Date of publication, distribution, etc. 2007
300 ## - PHYSICAL DESCRIPTION
Extent xx, 598p: ill.
350 ## -
-- 0.00
362 1# -
-- <p>Applicable as from 1 January 2007</p>
650 #0 - SUBJECT ADDED ENTRY--TOPICAL TERM
Topical term or geographic name entry element HAZARDOUS SUBSTANCES--TRANSPORTATION
650 ## - SUBJECT ADDED ENTRY--TOPICAL TERM
Topical term or geographic name entry element TRANSPORTATION
995 ## -
-- SPECIAL COLLECTIONS
-- 0.00
-- 03001682
-- CBU-MAIN LIBRARY (Kitwe)
-- 1
-- 0.00
-- UN-ECE(058)ADR/2007A
-- 3
-- AVAILABLE
-- Mar 6, 2007
-- 03001682
-- International Publications
995 ## -
-- SPECIAL COLLECTIONS
-- 03006205
-- CBU-MAIN LIBRARY (Kitwe)
-- 0.00
-- UN-ECE(058)ADR/2007B
-- AVAILABLE
-- Mar 5, 2013
-- 03006205
-- International Publications
999 ## -
-- 62884
-- 62884
Holdings
Withdrawn status Lost status Source of classification or shelving scheme Damaged status Not for loan Permanent Location Current Location Shelving location Date acquired Total Checkouts Full call number Barcode Date last seen Price effective from Koha item type
          CBU-MAIN LIBRARY, KITWE. CBU-MAIN LIBRARY, KITWE.   12/16/2022   UN-ECE(058) 03001682 12/16/2022 12/16/2022 MONOGRAPH
          CBU-MAIN LIBRARY, KITWE. CBU-MAIN LIBRARY, KITWE.   12/16/2022   UN-ECE(058) 03006205 12/16/2022 12/16/2022 MONOGRAPH